Word Ladder: Perks You Up In Winter Time Quiz Stats

 Plays Quiz Updated Dec 27, 2018

Support Sporcle.
Go Orange.
Score 0/26 Timer 03:00
0 Plays Today
Clue Word % Correct
Lacking hairBALD
97.1%
Hospital divisionWARD
92.5%
Name for ShakespeareBARD
92.2%
Having a Y chromosomeMALE
91.7%
Debutante's partyBALL
91.1%
Golfer's warning cryFORE
91.1%
❄ A [first rung] of ____, [rung 13][rung 17] [last rung] ❄
Comfortable temperature
🥣 WARM 🥣
89.1%
❄ A [first rung] of [rung 7], ____[rung 17] [last rung] ❄
There's no place like it
🥣 HOME 🥣
89%
Like lemonsSOUR
86%
Weep noisilyBAWL
85.8%
Food for a fish?WORM
85.2%
❄ A ____ of [rung 7], [rung 13][rung 17] [last rung] ❄
Cereal container
🥣 BOWL 🥣
85.2%
Item to fill out; shapeFORM
84.9%
Clue Word % Correct
Increase dramatically; fly like an eagleSOAR
84.8%
Ozone layer problemHOLE
82.5%
Unspecified amount ofSOME
82.1%
In a foul mood; painfully sensitiveSORE
81.8%
In fine shapeHALE
80.1%
Jet engine noiseROAR
79.8%
❄ A [first rung] of [rung 7], [rung 13][rung 17] ____
Savoury liquid dish
🥣 SOUP 🥣
77.9%
❄ A [first rung] of [rung 7], [rung 13]____ [last rung] ❄
Like a fully initiated Mafia member
🥣 MADE 🥣
72.5%
Current fashion or styleMODE
65.5%
Cry of discomfort; ghostly soundMOAN
64.5%
Horse of mixed colorROAN
63.9%
Forum rule enforcers, for shortMODS
53.5%
Extinct birdsMOAS
50.6%

Today's Daily Dose

From the Vault

Rhymes with 'Rent'

by SailorGirl57

We thought 'Rhymes with Landlord' would be a little too much.
Remove Ads.
Support Sporcle.
Get the best of Sporcle when you Go Orange. This ad-free experience offers more features, more stats, and more fun while also helping to support Sporcle. Thank you for becoming a member.

Show Comments

Extras

Top Quizzes Today


Score Distribution

Your Account Isn't Verified!

In order to create a playlist on Sporcle, you need to verify the email address you used during registration. Go to your Sporcle Settings to finish the process.

Report this User

Report this user for behavior that violates our Community Guidelines.

Details: